[Event "Ch Europe (juniors)"]
[Site "masterchessopen.com - Sas Van Gent (Netherlands)"]
[Round "0"]
[White "Fyllingen Roy Harald (NOR)"]
[Black "Murdzia Piotr (POL)"]
[Result "0-1"]
[WhiteElo "2330"]
[BlackElo "2472"]

1.d4 Nf6 2.Nf3 g6 3.c4 c5 4.d5 d6 5.Nc3 Bg7 6.e4 O-O 7.Be2 e6 8.O-O exd5
9.cxd5 a6 10.a4 Bg4 11.h3 Bxf3 12.Bxf3 Nbd7 13.Bf4 Qe7 14.Re1 Ne8 15.Qd2 Nc7
16.Be2 Rfe8 17.Bf1 Rab8 18.Kh1 Bd4 19.Bg3 Nf6 20.Bd3 Nh5 21.Bh2 b5 22.axb5
axb5 23.Kg1 b4 24.Ne2 Bg7 25.Ra7 Ra8 26.Rea1 Rxa7 27.Rxa7 Ra8 28.Rxa8+ Nxa8
29.b3 Nf6 30.f3 Nc7 31.Bc4 Nd7 32.Qc2 h5 33.Kf2 Be5 34.f4 Bg7 35.Qd3 Qf6
36.Qf3 Na8 37.g4 hxg4 38.hxg4 Nab6 39.Bb5 Qb2 40.Qd3 Bd4+ 41.Kf3 Bc3 42.Qd1
Bd2 43.g5 c4 44.bxc4 Qa3+ 45.Kg2 Qe3 46.Bg1 Qxe4+ 47.Kg3 Be3 48.Bxd7 Nxd7
49.Qa4 Bxg1 50.Nxg1 Nc5 51.Qxb4 Qe3+ 52.Nf3 Ne4+ 53.Kg4 Qf2 54.Qe1 Qg2+ 55.Kh4
Qxf3 {#R} 0-1

[Event "Ch Spain (team)"]
[Site "masterchessopen.com - Spain"]
[Round "4"]
[White "Bernal Moro Luis Javier (ESP)"]
[Black "Cortes Bueno Jesus Javier (ESP)"]
[Result "1-0"]
[WhiteElo "2431"]
[BlackElo "2231"]

1.d4 Nf6 2.c4 c5 3.d5 g6 4.Nc3 d6 5.e4 Bg7 6.Nf3 O-O 7.Be2 a6 8.a4 e6 9.O-O
exd5 10.cxd5 Bg4 11.Nd2 Bxe2 12.Qxe2 Re8 13.Nc4 Qe7 14.Bf4 Nxe4 15.Rfe1 f5
16.Nxd6 Rf8 17.Nc4 Qf7 18.Nxe4 fxe4 19.Bd6 Re8 20.Nb6 Nd7 21.Nxa8 Rxa8 22.Qxe4
Bxb2 23.Rab1 Bd4 24.Bg3 Rf8 25.Qe6 b6 26.Re2 Rc8 27.Bh4 Rf8 28.Be7 {#r} 1-0

[Event "It \"]
[Site "masterchessopen.com - Budapest (Hungary)"]
[Round "7"]
[White "Schebler Gerhard (GER)"]
[Black "Somogyi Istvan (HUN)"]
[Result "0-1"]
[WhiteElo "2365"]
[BlackElo "2205"]

1.d4 Nf6 2.c4 e6 3.Nf3 c5 4.d5 exd5 5.cxd5 d6 6.e4 g6 7.Nc3 Bg7 8.Be2 O-O
9.O-O a6 10.a4 Bg4 11.Bf4 Re8 12.Nd2 Bxe2 13.Qxe2 Nh5 14.Be3 Nd7 15.g4 Nhf6
16.Kg2 Rb8 17.a5 Ne5 18.h3 h6 19.f4 Ned7 20.Qd3 Qc7 21.Nc4 b5 22.axb6 Nxb6
23.Na5 c4 24.Bxb6 Rxb6 25.Nxc4 Rb4 26.Nd2 Rxb2 27.Rxa6 Nd7 28.Rc6 Nc5 29.Qe3
Qa5 30.e5 Nb3 31.Rf2 dxe5 32.Nc4 Rxf2+ 33.Kxf2 Qb4 34.d6 e4 35.Ne5 Rd8 36.Nxe4
Nd4 37.Kg3 Bxe5 38.fxe5 Nxc6 39.e6 fxe6 {#R} 0-1

[Event "It (cat.3)"]
[Site "masterchessopen.com - Budapest (Hungary)"]
[Round "2"]
[White "Varga Peter (HUN)"]
[Black "Kubacsny Laszlo (HUN)"]
[Result "1-0"]
[WhiteElo "2418"]
[BlackElo "2320"]

1.d4 Nf6 2.c4 c5 3.d5 e6 4.Nc3 exd5 5.cxd5 d6 6.e4 g6 7.Nf3 Bg7 8.Be2 O-O
9.O-O a6 10.a4 Bg4 11.Nd2 Bxe2 12.Qxe2 Nbd7 13.Nc4 Nb6 14.Ne3 Qe7 15.a5 Nbd7
16.Nc4 Ne5 17.Na3 Rfe8 18.Re1 h5 19.Bg5 Qf8 20.f4 Neg4 21.h3 Nxe4 22.hxg4 Bd4+
23.Kh2 Nxc3 24.Qd3 Nxd5 25.Nc2 Nf6 26.gxh5 Nxh5 27.Nxd4 cxd4 28.Qxd4 Qg7
29.Qxd6 Qxb2 30.Rab1 Qf2 31.Rf1 Qg3+ 32.Kg1 Qg4 33.Rxb7 Ng3 34.Qf6 Qe6 35.Qxe6
Rxe6 36.Rfb1 Kg7 37.Rc7 Ne4 38.Bh4 Nd6 39.Bf2 Nb5 40.Rd7 Rc8 41.Re1 Rxe1+
42.Bxe1 Rc1 43.Kf2 Kf6 44.g4 Ke6 45.Rb7 Rc6 46.Kg3 f5 47.Kh4 Rc1 48.Rb6+ Kf7
49.Bf2 Nc3 50.gxf5 gxf5 51.Bd4 Nd5 52.Rxa6 Rc4 53.Be5 Nxf4 54.Kg5 Nd3 55.Rf6+
Ke7 56.Bd6+ Kd7 57.a6 Ra4 58.Bh2 f4 59.a7 Nc5 60.Kg4 Ne6 61.Bg1 Nc7 62.Rf7+
Kc6 63.Rf8 Ra1 64.Bd4 Ra4 65.Bf2 Kb7 66.Rb8+ Kc6 67.Rb6+ Kd7 68.Rf6 Nb5 69.Rh6
Kc7 70.Rh7+ Kc6 71.Kf3 Nc7 72.Rh6+ Kd7 73.Rh8 Kc6 74.Rb8 Ra2 75.Bg1 Ra4
76.Rb6+ Kd7 77.Rb7 Kc6 78.Rb8 Ra1 79.Bd4 Ra4 80.Bf2 Ra2 81.Rb6+ Kd7 82.Rb4
Ra3+ 83.Kg4 f3 84.Rb7 Kc6 85.Rb8 Ra6 86.Kxf3 Ra4 87.Be3 Ra3 88.Ke4 Ra4+ 89.Kf5
Ra5+ 90.Kg6 Ra6 91.Kf7 Ra3 92.Bb6 Na8 93.Bd4 Nc7 94.Ke7 Ra4 95.Rb6+ Kd5
96.Rd6+ Kc4 97.Rc6+ Kxd4 98.Rxc7 Kd5 99.Kd7 Ra6 100.Kc8 Kd6 101.Kb8 Ra1
102.Rb7 {#r} 1-0

[Event "Ch Argentina (team)"]
[Site "masterchessopen.com - Chaco (Argentina)"]
[Round "2"]
[White "Canepa Rolando (ARG)"]
[Black "Bazzano Sebastian (ARG)"]
[Result "1-0"]
[WhiteElo "2200"]
[BlackElo "2280"]

1.d4 Nf6 2.c4 c5 3.d5 e6 4.Nc3 exd5 5.cxd5 d6 6.e4 g6 7.Nf3 Bg7 8.Be2 O-O
9.O-O a6 10.a4 Bg4 11.Nd2 Bxe2 12.Qxe2 Nbd7 13.Nc4 Nb6 14.f3 Nxc4 15.Qxc4 Nd7
16.Bf4 Ne5 17.Bxe5 Bxe5 18.g3 Qb6 19.Rab1 Rfc8 20.Kg2 Qb4 21.Qe2 Rc7 22.Qc2 b5
23.Rfe1 Qc4 24.f4 Bd4 25.Qd1 b4 26.Ne2 Bg7 27.Ng1 Rd8 28.Nf3 b3 29.Nd2 Qxa4
30.Ra1 Qb4 31.Rxa6 c4 32.e5 dxe5 33.fxe5 Qb7 34.Rd6 Re8 35.Nf3 Rce7 36.Qd4 Qc7
37.Rc6 Qb7 38.Rxc4 Rc7 39.Rxc7 Qxc7 40.Re2 h6 41.d6 Qd7 42.Qd5 g5 43.Nd4 Kh8
44.Qc6 Qd8 45.Nf5 Rxe5 46.Rxe5 Bxe5 47.Nxh6 Kg7 48.Nf5+ Kg6 49.d7+ Bf6 50.g4
Qa5 51.Qd6 Qd8 52.Qd3 Qb6 53.Ne7+ Kg7 54.d8=Q Qb7+ 55.Q8d5 {#r} 1-0

[Event "It (open) \"]
[Site "masterchessopen.com - Farum (Denmark)"]
[Round "5"]
[White "Ahlander Bjorn (SWE)"]
[Black "Baburin Alexander (IRL)"]
[Result "1/2-1/2"]
[WhiteElo "2422"]
[BlackElo "2550"]

1.d4 g6 2.c4 Bg7 3.Nc3 c5 4.d5 d6 5.e4 Nf6 6.Nf3 O-O 7.Be2 e6 8.O-O exd5
9.cxd5 a6 10.a4 Bg4 11.h3 Bxf3 12.Bxf3 Nbd7 13.Bf4 Qc7 14.Rb1 Rfe8 15.Qc2 c4
16.b4 cxb3 17.Qxb3 Nc5 18.Qa3 Rac8 19.Rfd1 Nfd7 20.a5 h5 21.Rbc1 Ne5 22.Be2
Qe7 23.Be3 Ned7 24.Bf3 Ne5 25.Be2 Ned7 26.Bf3 Kh7 27.Nb1 Nxe4 28.Bxe4 Qxe4
29.Qxd6 Ne5 30.Nd2 Rxc1 31.Rxc1 Qf5 {#d} 1/2-1/2

[Event "Oberliga Northwest 1992/93"]
[Site "masterchessopen.com - Germany"]
[Round "0"]
[White "Lau Dietmar (GER)"]
[Black "Heinemann Dieter (GER)"]
[Result "1-0"]
[WhiteElo "2229"]
[BlackElo "2291"]

1.d4 Nf6 2.Nf3 c5 3.d5 g6 4.c4 d6 5.Nc3 Bg7 6.e4 O-O 7.Be2 e6 8.O-O exd5
9.cxd5 a6 10.a4 Bg4 11.Nd2 Bxe2 12.Qxe2 Nbd7 13.a5 Qc7 14.Nc4 b5 15.axb6 Nxb6
16.Bf4 Nxc4 17.Qxc4 Nh5 18.Be3 Qb6 19.Ra2 Rfb8 20.Rfa1 a5 21.Bd2 Nf6 22.Nd1
Qa6 23.Qxa6 Rxa6 24.f3 Nd7 25.Bxa5 Nb6 26.Bc3 Rxa2 27.Rxa2 Nc4 28.Kf2 Kf8
29.Ke2 Bxc3 30.bxc3 Ke7 31.Ne3 Nxe3 32.Kxe3 g5 33.g3 Rb1 34.f4 gxf4+ 35.gxf4
Rc1 36.Ra7+ Ke8 37.e5 dxe5 38.fxe5 Rxc3+ 39.Ke4 Rc1 40.d6 c4 41.Kd5 c3 42.Kc6
Kf8 43.Ra8+ Kg7 44.Ra5 Rd1 45.Rc5 Rd3 46.Kc7 Kf8 47.Kd7 Re3 48.Kd8 f6 49.d7
fxe5 50.Kc7 {#r} 1-0

[Event "Zt"]
[Site "masterchessopen.com - Graz (Austria)"]
[Round "0"]
[White "Gostisa Leon (SLO)"]
[Black "Lendwai Reinhard (AUT)"]
[Result "1-0"]
[WhiteElo "2460"]
[BlackElo "2397"]

1.d4 Nf6 2.c4 e6 3.Nf3 c5 4.d5 exd5 5.cxd5 d6 6.Nc3 a6 7.a4 g6 8.e4 Bg4 9.Be2
Bg7 10.O-O O-O 11.Bf4 Bxf3 12.Bxf3 Qe7 13.Re1 Nbd7 14.Qc2 Ne8 15.Be2 Nc7
16.Bg3 h5 17.h3 Bd4 18.Bf1 Rab8 19.Kh1 Rfe8 20.f4 Bg7 21.Rad1 Qd8 22.e5 dxe5
23.f5 Qg5 24.d6 Nd5 25.fxg6 Nxc3 26.gxf7+ Kxf7 27.Bc4+ Kf8 28.Rf1+ Bf6 29.Qxc3
Kg7 30.Qe1 b5 31.axb5 axb5 32.Bd5 Rb6 33.Be4 Re6 34.Rf5 Qh6 35.Qe2 Rbxd6
36.Rxf6 Rxd1+ 37.Qxd1 {#r} 1-0

[Event "Ch Hungary (team) 1992/93"]
[Site "masterchessopen.com - Hungary"]
[Round "0"]
[White "Krisztian Gabor (HUN)"]
[Black "Hever Miklos (HUN)"]
[Result "0-1"]
[WhiteElo "2155"]
[BlackElo "2302"]

1.d4 Nf6 2.c4 c5 3.d5 e6 4.Nc3 exd5 5.cxd5 d6 6.e4 g6 7.Nf3 Bg7 8.Be2 O-O
9.O-O a6 10.a4 Bg4 11.Nd2 Bxe2 12.Qxe2 Nbd7 13.Nc4 Nb6 14.Bg5 Re8 15.a5 Nxc4
16.Qxc4 b5 17.axb6 Qxb6 18.f3 Nd7 19.Na4 Qb5 20.Qxb5 axb5 21.Nc3 b4 22.Rxa8
Rxa8 23.Nd1 Ra1 24.Bf4 Bd4+ 25.Be3 Rxd1 26.Rxd1 Bxe3+ 27.Kf1 c4 28.Ke2 Bf4
29.b3 cxb3 30.Rd4 Bxh2 31.Rxb4 Nc5 32.Rb5 h5 33.Kf2 h4 34.Ke3 g5 35.Kd4 Be5+
36.Kc4 b2 37.Rb4 Kg7 38.Rb8 f6 39.Rb4 f5 40.exf5 Kf6 41.Kb5 Nd3 42.Rb3 Nc1
43.Rb4 Na2 {#R} 0-1

[Event "Memorial V.Syre (open)"]
[Site "masterchessopen.com - Issy Les Moulineaux (France)"]
[Round "5"]
[White "Bouvier Robert"]
[Black "Bodicker Rob (NED)"]
[Result "0-1"]
[WhiteElo "1640"]
[BlackElo "2064"]

1.d4 Nf6 2.c4 c5 3.d5 e6 4.Nc3 g6 5.e4 d6 6.Nf3 Bg7 7.Be2 O-O 8.O-O exd5
9.cxd5 a6 10.a4 Bg4 11.Nd2 Bxe2 12.Nxe2 Nbd7 13.Nc3 Re8 14.Re1 Ne5 15.Qe2 Qc7
16.Qf1 c4 17.Re3 Qc5 18.a5 Nfd7 19.Ra4 b5 20.axb6 Nxb6 21.Ra3 Ng4 22.Nf3 Nxe3
23.Bxe3 Qb4 24.Qa1 Nd7 25.Nd4 Qb7 26.Ra4 Nc5 27.Rxc4 Nxe4 28.Qa3 Nxc3 29.Qxc3
Qxd5 30.h3 Qh5 31.Qd2 Rec8 32.Nc6 Re8 33.Qxd6 Qe2 34.Rb4 Bf8 35.Qf6 Rxe3
36.Rb7 Qd1+ 37.Kh2 Qd6+ {#R} 0-1

[Event "It (open) \"]
[Site "masterchessopen.com - London (England)"]
[Round "5"]
[White "Poulton James (ENG)"]
[Black "Emms John M (ENG)"]
[Result "0-1"]
[WhiteElo "2361"]
[BlackElo "2455"]

1.d4 Nf6 2.Nf3 e6 3.c4 c5 4.d5 d6 5.Nc3 exd5 6.cxd5 g6 7.e4 a6 8.a4 Bg4 9.Be2
Bg7 10.O-O O-O 11.Re1 Re8 12.Qc2 Nbd7 13.Bf4 Bxf3 14.Bxf3 Qe7 15.Be2 Rac8
16.Rad1 h5 17.Bg5 Qf8 18.Bc4 Nh7 19.Bc1 Re7 20.f4 Bd4+ 21.Kh1 Nhf6 22.e5 Ng4
23.Re2 Qg7 24.e6 Nb6 25.Bd3 f5 26.a5 Na8 27.Bc4 Qf6 28.h3 Qh4 29.Rf1 Qg3 {#R}
0-1

[Event "It (open) \"]
[Site "masterchessopen.com - Schwabisch Gmund (Germany)"]
[Round "4"]
[White "Boehle Lars (GER)"]
[Black "Fietz Harald (GER)"]
[Result "1-0"]
[WhiteElo "2219"]
[BlackElo "2056"]

1.d4 d6 2.e4 g6 3.c4 Nf6 4.Nc3 Bg7 5.Be2 O-O 6.Nf3 c5 7.d5 e6 8.O-O exd5
9.cxd5 a6 10.a4 Bg4 11.Nd2 Bxe2 12.Qxe2 Re8 13.Nc4 Qc7 14.Bf4 Rd8 15.Bxd6 Rxd6
16.Nxd6 Nbd7 17.Nc4 Re8 18.Rfe1 Nh5 19.Rad1 f5 20.e5 Nxe5 21.d6 Qd8 22.Nxe5
Bxe5 23.Qc4+ Kg7 24.Qxc5 {#r} 1-0

[Event "It (open)"]
[Site "masterchessopen.com - Sevilla (Spain)"]
[Round "0"]
[White "Komljenovic Davor (CRO)"]
[Black "Suba Mihai (ROM)"]
[Result "0-1"]
[WhiteElo "2450"]
[BlackElo "2500"]

1.d4 Nf6 2.c4 e6 3.Nf3 c5 4.d5 d6 5.Nc3 exd5 6.cxd5 g6 7.e4 a6 8.a4 Bg4 9.Be2
Bg7 10.O-O O-O 11.h3 Bxf3 12.Bxf3 Nbd7 13.Bf4 Qe7 14.Re1 Rfe8 15.a5 Rac8
16.Ra4 h5 17.Be2 Nh7 18.Bf1 Qf6 19.Bh2 Bh6 20.Qb3 Rc7 21.e5 Nxe5 22.Rae4 Rce7
23.f4 Nd7 24.Qxb7 Rxe4 25.Rxe4 Rxe4 26.Nxe4 Qd4+ 27.Nf2 Nhf6 28.Qxa6 Bxf4
29.Bxf4 Qxf4 30.Qc4 Qe3 31.a6 Nb6 32.Qb5 Kg7 33.a7 c4 34.a8=Q Nxa8 35.Qxc4 Nb6
36.Qc3 Qxc3 37.bxc3 Nbxd5 38.Nd1 Ne4 39.c4 Nf4 40.h4 Kf6 41.Nf2 Ng3 42.Bd3
Nxd3 43.Nxd3 Nf5 44.c5 dxc5 45.Nxc5 Nxh4 46.Kh2 Kf5 47.Nb7 g5 48.Nd6+ Kg6
49.Ne4 f5 50.Nd6 f4 51.Nc4 g4 52.g3 Nf3+ 53.Kg2 Ne1+ 54.Kf1 Nd3 55.gxf4 Nxf4
56.Kf2 h4 57.Ne3 Kg5 58.Nf1 Nd3+ 59.Ke3 g3 60.Kf3 Ne1+ {#R} 0-1

[Event "Ch Europe (juniors) (under 16)"]
[Site "masterchessopen.com - Szombathely (Hungary)"]
[Round "0"]
[White "Rzaev Rauf (AZE)"]
[Black "Cordy Steven (WLS)"]
[Result "1/2-1/2"]
[WhiteElo "2244"]
[BlackElo "2211"]

1.d4 Nf6 2.c4 g6 3.Nc3 Bg7 4.e4 d6 5.Be2 O-O 6.Nf3 c5 7.d5 a6 8.a4 e6 9.O-O
exd5 10.cxd5 Bg4 11.Bf4 Nh5 12.Bg5 f6 13.Bd2 Bh8 14.h3 Bxf3 15.Bxf3 Ng7 16.Bf4
Qe7 17.a5 Nd7 18.Be2 f5 19.exf5 Nxf5 20.Re1 Ne5 21.Qd2 Qf7 22.Ra4 h6 23.Bg4 g5
24.Be3 Rae8 25.Bxf5 Qxf5 26.Ne4 Qg6 27.Nc3 h5 28.Qd1 Nd3 29.Re2 Re7 30.Qc2 Ne5
31.Qxg6+ Nxg6 32.Ne4 Nf4 33.Rd2 Re5 34.Nxd6 Nxd5 35.Nc4 Ref5 36.Bxc5 Re8
37.Ne3 Nxe3 38.Bxe3 Rc8 39.g3 Rb5 40.Ra2 Bf6 41.Bb6 {#d} 1/2-1/2

[Event "Ch HSM"]
[Site "masterchessopen.com - Austria"]
[Round "7"]
[White "Steiner Heinz (AUT)"]
[Black "Schrey Stefan (AUT)"]
[Result "1-0"]
[WhiteElo "2113"]
[BlackElo "2170"]

1.d4 Nf6 2.Nf3 c5 3.d5 e6 4.c4 exd5 5.cxd5 d6 6.Nc3 g6 7.e4 Bg7 8.Be2 O-O
9.O-O a6 10.a4 Bg4 11.h3 Bxf3 12.Bxf3 Nbd7 13.Be2 Re8 14.Qc2 Qc7 15.Re1 Rab8
16.Be3 b6 17.Bxa6 {#r} 1-0

[Event "Ch Hungary (team) 1993/94"]
[Site "masterchessopen.com - Hungary"]
[Round "0"]
[White "Csiszar Csaba (HUN)"]
[Black "Havasi Janos (HUN)"]
[Result "0-1"]
[WhiteElo "2340"]
[BlackElo "2229"]

1.d4 Nf6 2.c4 g6 3.Nc3 Bg7 4.e4 d6 5.Nf3 O-O 6.Be2 c5 7.d5 e6 8.O-O exd5
9.cxd5 a6 10.a4 Bg4 11.h3 Bxf3 12.Bxf3 Nbd7 13.Bf4 Qe7 14.Re1 Rfe8 15.Bh2 Rab8
16.Qc2 b5 17.axb5 axb5 18.Ra6 Ne5 19.Be2 c4 20.f3 Nfd7 21.Kh1 Nc5 22.Ra5 Nb3
23.Ra6 b4 24.Nd1 Nc5 25.Ra1 b3 26.Qd2 Ned3 27.Bxd3 Nxd3 28.Re3 Bh6 29.Qe2 Ra8
30.Rb1 Qc7 31.Nc3 Qb6 32.Rxd3 cxd3 33.Qxd3 Rec8 34.f4 Qf2 35.Bg3 Qc5 36.e5
dxe5 37.fxe5 Qe3 38.Qxe3 Bxe3 39.d6 Bg5 40.Kh2 Rc4 41.Rd1 h5 42.Nd5 Rc2
43.Nf6+ Kg7 44.Rd3 h4 45.Rxb3 hxg3+ 46.Rxg3 Bxf6 {#R} 0-1

[Event "It (open)"]
[Site "masterchessopen.com - Schwanstetten (Germany)"]
[Round "0"]
[White "Thuerauf Peter (GER)"]
[Black "Grabert Ralf (GER)"]
[Result "0-1"]
[WhiteElo "1885"]
[BlackElo "2254"]

1.d4 Nf6 2.Nf3 c5 3.c4 e6 4.d5 d6 5.Nc3 g6 6.e4 Bg7 7.Be2 exd5 8.cxd5 a6 9.a4
Bg4 10.O-O O-O 11.h3 Bxf3 12.Bxf3 Nbd7 13.Bf4 Qe7 14.Re1 Ne5 15.Bxe5 Qxe5
16.g3 h5 17.Ra3 Nd7 18.a5 h4 19.g4 Qf6 20.Bg2 c4 21.Qd2 Ne5 22.g5 Qe7 23.f4
Nd3 24.Rf1 Qc7 25.f5 Be5 26.f6 Qc5+ 27.Kh1 Rfe8 28.Nd1 Nxb2 29.Qe1 Qxa3 30.Rf3
Qa1 {#R} 0-1

[Event "Ch Switzerland (team)"]
[Site "masterchessopen.com - Switzerland"]
[Round "0"]
[White "Huss Andreas (SUI)"]
[Black "Goldstern Flip (NED)"]
[Result "0-1"]
[WhiteElo "2430"]
[BlackElo "2375"]

1.d4 Nf6 2.Nf3 e6 3.c4 c5 4.d5 exd5 5.cxd5 d6 6.Nc3 g6 7.e4 Bg7 8.Be2 O-O
9.O-O a6 10.a4 Bg4 11.Bf4 Re8 12.Nd2 Bxe2 13.Qxe2 Nh5 14.Be3 Nd7 15.g4 Nhf6
16.h3 h5 17.g5 Nh7 18.f4 Nhf8 19.Rf2 Bd4 20.Qd3 Bg7 21.Raf1 Rb8 22.Kh1 Qe7
23.Rf3 Qd8 24.Nc4 Nb6 25.Nd2 Nbd7 26.Qe2 b5 27.axb5 axb5 28.Nxb5 Qb6 29.Na3
Qxb2 30.Nac4 Qb5 31.Qd3 Qa6 32.e5 dxe5 33.fxe5 Qb5 34.Rxf7 Nxe5 35.Rxg7+ Kxg7
36.Qc3 Qb4 37.Qa1 Ra8 38.Qc1 Nxc4 39.Nxc4 Nd7 40.Bd2 Qb3 41.Bc3+ Kg8 42.Rf4
Ra4 43.Rf7 Kxf7 44.Nd6+ Kg8 45.Nxe8 Qxd5+ 46.Kg1 Ra2 47.Bb2 Qb3 48.Nf6+ Nxf6
49.gxf6 Qxb2 50.Qc4+ Kh8 {#R} 0-1

[Event "It (open)"]
[Site "masterchessopen.com - Zalakaros (Hungary)"]
[Round "0"]
[White "Ivan Zoltan (HUN)"]
[Black "Alibaev Akbar (UZB)"]
[Result "1-0"]
[WhiteElo "2176"]
[BlackElo "2316"]

1.d4 Nf6 2.c4 c5 3.d5 e6 4.Nc3 exd5 5.cxd5 d6 6.e4 g6 7.Nf3 Bg7 8.Be2 O-O
9.O-O a6 10.a4 Bg4 11.Nd2 Bxe2 12.Qxe2 Re8 13.Nc4 Qe7 14.Re1 Nfd7 15.Bf4 Ne5
16.Nb6 Ra7 17.a5 Nbd7 18.Nca4 Nxb6 19.Nxb6 Nd7 20.Nc4 Ne5 21.Bxe5 Bxe5 22.Nb6
f5 23.Ra4 Bd4 24.Qd2 fxe4 25.Rxd4 cxd4 26.Qxd4 Qe5 27.Qxe5 Rxe5 28.f4 Re8
29.Kf2 Raa8 30.Nxa8 Rxa8 31.Rxe4 Rc8 32.b4 Rc2+ 33.Kf3 Rd2 34.Re7 Rxd5 35.Rxb7
Rd4 36.b5 {#r} 1-0

[Event "Staatsliga B East 1994/95"]
[Site "masterchessopen.com - Austria"]
[Round "0"]
[White "Froeschl Felix (AUT)"]
[Black "Wirius Stefan (AUT)"]
[Result "0-1"]
[WhiteElo "2167"]
[BlackElo "2225"]

1.d4 Nf6 2.c4 c5 3.d5 e6 4.Nc3 exd5 5.cxd5 d6 6.e4 g6 7.Nf3 Bg7 8.Be2 O-O
9.O-O a6 10.a4 Bg4 11.Bf4 Ne8 12.Nd2 Bxe2 13.Qxe2 Nd7 14.Nc4 Qe7 15.Rfe1 Ne5
16.Nb6 Rd8 17.Bg3 Nf6 18.f4 Ned7 19.Nc4 Nh5 20.e5 Nxg3 21.hxg3 dxe5 22.fxe5
Rfe8 23.Nd6 Bxe5 24.Nxe8 Rxe8 25.Qf3 Bd4+ 26.Kf1 Ne5 27.Qf4 f5 28.Qh4 Qf7
29.Rad1 Ng4 30.Rxe8+ Qxe8 31.Rd2 Bf6 32.Qh1 Qe3 33.Re2 Qc1+ 34.Re1 Qxb2 {#R}
0-1

[Event "Ch World (juniors) (under 18)"]
[Site "masterchessopen.com - Guarapuava (Brazil)"]
[Round "6"]
[White "Valenzuela Fuentealba Luis (CHI)"]
[Black "Shliperman Igor (USA)"]
[Result "1/2-1/2"]
[WhiteElo "2340"]
[BlackElo "2350"]

1.d4 Nf6 2.c4 e6 3.Nf3 c5 4.d5 exd5 5.cxd5 d6 6.Nc3 g6 7.e4 Bg7 8.Be2 O-O
9.O-O a6 10.a4 Bg4 11.Bf4 Qe7 12.h3 Bxf3 13.Bxf3 Nbd7 14.Re1 Ne8 15.Qb3 Rb8
16.Bg4 Nef6 17.Be2 Rfc8 18.Qc2 Ne8 19.a5 Nc7 20.Bg4 Rd8 21.Bxd7 Qxd7 22.e5
dxe5 23.Bxe5 Bxe5 24.Rxe5 Qd6 25.Rae1 b5 26.f4 f6 27.Ne4 Qf8 28.d6 Ne8 29.Re7
Nxd6 30.Nxd6 Rxd6 31.Qxc5 Rd7 32.Qe3 Rxe7 33.Qxe7 Qxe7 34.Rxe7 Rd8 35.Re6 Rd2
36.Rxf6 Rxb2 37.Rxa6 Ra2 38.Kh2 b4 39.Kg3 b3 40.Ra8+ Kg7 41.Ra7+ Kg8 42.Rb7
Rxa5 43.Rxb3 g5 44.fxg5 Rxg5+ 45.Kf3 Ra5 46.Rb7 Ra4 47.Re7 Ra6 48.h4 Rf6+
49.Kg4 Rg6+ 50.Kh3 Ra6 51.g3 Ra5 52.Kg2 Ra3 53.Kf2 Ra6 54.Kf3 Rf6+ 55.Kg4 Rg6+
56.Kh3 Ra6 57.Kg2 Ra3 58.Kf2 Ra6 59.Kf3 h5 {#d} 1/2-1/2

[Event "It (open)"]
[Site "masterchessopen.com - Sitges (Spain)"]
[Round "7"]
[White "Viladiu Martinez Josep (ESP)"]
[Black "Marin Mihail (ROM)"]
[Result "0-1"]
[WhiteElo "2185"]
[BlackElo "2520"]

1.d4 Nf6 2.c4 c5 3.d5 d6 4.Nc3 g6 5.e4 Bg7 6.Nf3 O-O 7.Be2 e6 8.O-O exd5
9.cxd5 a6 10.a4 Bg4 11.Nd2 Bxe2 12.Qxe2 Nbd7 13.Nc4 Nb6 14.Ne3 Qe7 15.a5 Nbd7
16.Nc4 Rae8 17.Bf4 Nxe4 18.Bxd6 Nxd6 19.Qxe7 Rxe7 20.Nxd6 Bxc3 21.bxc3 Nf6
22.Rab1 Nxd5 23.Rxb7 Re6 24.Nc4 Nxc3 25.Rc7 Re2 26.Rxc5 Rc2 27.Re5 Ne2+ 28.Kh1
Rc8 29.Ne3 R2c5 30.Rxc5 Rxc5 31.Ra1 Nd4 32.g3 Nc6 33.Rb1 Rxa5 34.Rb6 Ne5
35.Kg2 h5 36.h3 Nd3 37.Rd6 Ne1+ 38.Kf1 Nf3 39.Kg2 Ne1+ 40.Kf1 Nf3 41.Kg2 Ng5
42.g4 h4 43.Rd2 Ne6 44.Kf3 Kg7 45.Rd7 Ng5+ 46.Kg2 Ra2 47.Rd4 Ne6 48.Rc4 g5
49.Kf3 Kf6 50.Nf5 a5 51.Rc6 Ke5 52.Ra6 Nf4 53.Ra7 Nxh3 54.Rxf7 Rxf2+ 55.Ke3
Ra2 56.Re7+ Kd5 57.Rd7+ Ke5 58.Re7+ Kd5 59.Rd7+ Kc5 60.Rc7+ Kb6 61.Rg7 a4
62.Kd4 Rf2 63.Kc4 Rf4+ 64.Nd4 a3 65.Rg6+ Ka5 66.Rg8 Kb6 67.Rg6+ Kb7 68.Rg7+
Kc8 69.Rg8+ Kd7 70.Ra8 Rxg4 71.Kd5 Nf4+ 72.Kc5 Nd3+ 73.Kd5 Nb4+ 74.Kc5 Rxd4
75.Kxd4 h3 76.Kc3 a2 77.Kb2 g4 78.Rh8 Ke6 79.Rh5 Kf6 {#R} 0-1

[Event "It (open)"]
[Site "masterchessopen.com - Vienna (Austria)"]
[Round "9"]
[White "Kummer Helmut (AUT)"]
[Black "Wojtkiewicz Aleksander (USA)"]
[Result "0-1"]
[WhiteElo "2320"]
[BlackElo "2570"]

1.d4 Nf6 2.c4 e6 3.Nf3 c5 4.d5 d6 5.Nc3 exd5 6.cxd5 g6 7.e4 a6 8.a4 Bg4 9.Be2
Bg7 10.O-O O-O 11.Bf4 Re8 12.Nd2 Bxe2 13.Qxe2 Nh5 14.Be3 Nd7 15.f3 f5 16.g3
Bd4 17.Bf2 Ne5 18.Rae1 f4 19.g4 Nf6 20.Nb3 Bxf2+ 21.Rxf2 Nfd7 22.Nd2 Rb8
23.Rb1 Qa5 24.Nc4 Nxc4 25.Qxc4 Ne5 26.Qf1 b5 27.axb5 axb5 28.Ra1 Qb6 29.Kg2 c4
30.Rd2 b4 31.Nd1 Ra8 32.Rxa8 Rxa8 33.Qf2 Qxf2+ 34.Kxf2 Ra1 35.h4 Rc1 36.Ke2 c3
37.bxc3 bxc3 {#R} 0-1

[Event "It (open)"]
[Site "masterchessopen.com - Andorra"]
[Round "3"]
[White "Simonet Marc (AND)"]
[Black "Marin Mihail (ROM)"]
[Result "0-1"]
[WhiteElo "2274"]
[BlackElo "2530"]

1.d4 Nf6 2.c4 e6 3.Nf3 c5 4.d5 d6 5.Nc3 exd5 6.cxd5 g6 7.e4 a6 8.a4 Bg4 9.Be2
Bg7 10.O-O O-O 11.Bg5 Bxf3 12.Bxf3 Nbd7 13.Re1 Re8 14.a5 h6 15.Bf4 Qe7 16.Qd2
h5 17.Rab1 Rac8 18.b4 cxb4 19.Na4 Rc4 20.Rxb4 Rxb4 21.Qxb4 Nxd5 22.Qxd6 Nxf4
23.Qxf4 Qb4 {#R} 0-1

[Event "Ch Bayern (b)"]
[Site "masterchessopen.com - Bayern (Germany)"]
[Round "0"]
[White "Lochte Thomas (GER)"]
[Black "Fischer Hans (GER)"]
[Result "1/2-1/2"]
[WhiteElo "2225"]
[BlackElo "2244"]

1.d4 Nf6 2.c4 e6 3.Nc3 c5 4.d5 exd5 5.cxd5 d6 6.e4 g6 7.Nf3 Bg7 8.Be2 O-O
9.O-O a6 10.a4 Bg4 11.Nd2 Bxe2 12.Qxe2 Nbd7 13.a5 Re8 14.Nc4 Ne5 15.Nb6 Rb8
16.h3 Qc7 17.f4 Ned7 {#d} 1/2-1/2

[Event "It (open) \"]
[Site "masterchessopen.com - Copenhagen (Denmark)"]
[Round "7"]
[White "Akesson Ralf (SWE)"]
[Black "Hansen Curt (DEN)"]
[Result "1/2-1/2"]
[WhiteElo "2500"]
[BlackElo "2595"]

1.d4 Nf6 2.c4 e6 3.Nf3 c5 4.d5 d6 5.Nc3 exd5 6.cxd5 g6 7.e4 a6 8.a4 Bg4 9.Be2
Bg7 10.O-O O-O 11.Bf4 Qe7 12.Nd2 Bxe2 13.Qxe2 Nh5 14.Be3 Nd7 15.Rae1 Bd4 16.g4
Bxe3 17.Qxe3 Nhf6 18.h3 b5 19.axb5 axb5 20.Nxb5 Rfb8 21.Na3 Rxb2 22.Nac4 {#d}
1/2-1/2

[Event "Ch Germany (seniors) (team)"]
[Site "masterchessopen.com - Germany"]
[Round "2"]
[White "Servaty Rudolf (GER)"]
[Black "Koch Herbert (GER)"]
[Result "0-1"]
[WhiteElo "2141"]
[BlackElo "1906"]

1.d4 Nf6 2.Nf3 c5 3.d5 e6 4.c4 exd5 5.cxd5 d6 6.Nc3 g6 7.e4 Bg7 8.Be2 O-O
9.O-O a6 10.a4 Bg4 11.Bg5 h6 12.Be3 Nbd7 13.Nd2 Bxe2 14.Qxe2 Re8 15.h3 Qc7
16.Rfe1 Re7 17.a5 Rae8 18.f4 Nxe4 19.Ncxe4 f5 20.Qc4 fxe4 21.Ra2 Kh7 22.b4 b5
23.axb6 Nxb6 24.Qb3 c4 25.Qc2 Nxd5 26.Qxc4 Nxe3 27.Rxe3 Qxc4 28.Nxc4 Bd4
29.Kf2 Rc8 {#R} 0-1

[Event "Oberliga Northeast 1995/96"]
[Site "masterchessopen.com - Germany"]
[Round "0"]
[White "Neubauer Andreas (GER)"]
[Black "Mattick Lutz (GER)"]
[Result "1/2-1/2"]
[WhiteElo "2145"]
[BlackElo "2275"]

1.d4 Nf6 2.Nf3 e6 3.c4 c5 4.d5 exd5 5.cxd5 d6 6.Nc3 g6 7.e4 Bg7 8.Be2 O-O
9.O-O a6 10.a4 Bg4 11.h3 Bxf3 12.Bxf3 Nbd7 13.Bf4 Qe7 14.Qc2 Ne5 15.Be2 Rac8
16.Bxe5 Qxe5 17.Bc4 Rce8 18.Rfe1 Nh5 19.Rad1 Qg5 20.Bf1 Be5 21.Ne2 f5 22.Qc1
Qxc1 23.Rxc1 fxe4 24.g3 Re7 25.Nc3 Bd4 26.Rxe4 Bxf2+ 27.Kg2 Ref7 28.g4 Nf6
29.Re6 Bd4 30.Bc4 Bxc3 31.bxc3 Nd7 32.Rf1 Nb6 33.Rxf7 Kxf7 34.Ba2 Nc8 35.Re2
Re8 36.Rb2 Re7 37.a5 Kf6 38.h4 Re3 39.c4 Ke5 40.Bb1 Kd4 41.Rxb7 Kxc4 42.Rxh7
Ne7 43.h5 gxh5 44.Rxh5 Kd4 45.g5 Nxd5 46.Rh4+ Kc3 47.Be4 Ne7 48.Bb7 d5 49.Bxa6
d4 50.Bf1 Re5 51.Rg4 Nf5 52.Kf2 Ne3 53.Rg3 Rf5+ 54.Ke2 Rxf1 55.g6 Rf8 56.g7
Rg8 57.a6 Kc4 58.a7 Kc3 59.Rf3 d3+ 60.Kxe3 d2 61.Rf8 d1=Q 62.a8=Q Qd4+ 63.Ke2
Qd3+ 64.Kf2 Qd4+ 65.Ke2 {#d} 1/2-1/2